000 01986cam a22004934a 4500
001 ocn311757025
003 TZ-ArACH
005 20240305112220.0
008 090408s2010 enk b 001 0 eng
010 _a 2009014957
015 _aGBA959140
_2bnb
015 _aGBB161806
_2bnb
016 7 _a015291439
_2Uk
016 7 _a015813437
_2Uk
020 _a9780203868386
_q(e-book)
020 _a0203868382
_q(e-book)
020 _a9780415685405
020 _a0415685400
035 _a(OCoLC)311757025
040 _aDLC
_beng
_cTZ-ArACH
049 _aTZAA
050 0 0 _aK3240
_b.M38
100 1 _aMcBeth, Adam.
245 1 0 _aInternational economic actors and human rights /
_cAdam McBeth.
260 _aLondon ;
_aNew York, N.Y. :
_bRoutledge,
_c2010.
300 _axx, 364 pages ;
_c24 cm.
490 1 _aRoutledge research in international law
504 _aIncludes bibliographical references and index.
505 0 _aHuman rights in international law -- The nature of human rights obligations for various international actors -- International trade law and the World Trade Organization -- International financial institutions : the World Bank and the International Monetary Fund -- Multinational enterprises.
610 2 7 _aWorld Trade Organization.
_2gnd
_95143
650 0 _aHuman rights
_xEconomic aspects.
650 0 _aForeign trade regulation
_xPolitical aspects.
650 0 _aForeign trade regulation
_xSocial aspects.
650 0 _aInternational finance
_xSocial aspects.
650 0 _aInternational finance
_xPolitical aspects.
650 7 _aFinancial institutions, International
_xLaw and legislation.
_2fast
650 7 _aHuman rights.
_2fast
650 7 _aInternational agencies
_xLaw and legislation.
_2fast
653 0 _aForeign trade regulation
_aSocial aspects
653 0 _aHuman rights
_aEconomic aspects
653 0 _aInternational finance
_aSocial aspects
830 0 _aRoutledge research in international law.
_99947
942 _2lcc
_cBOOK
999 _c4000
_d4000